000 00327nam a22001457a 4500
008 190205b xxu||||| |||| 00| 0 eng d
020 _a9780813431796
041 _aeng
080 _a339.138
082 _a339.138
100 _a60
101 _aMAR
245 _aCommodity Marketing
_cChafin G. Donald
942 _2udc
_cBK
999 _c54071
_d54071